000 00497cam a22002051 4500
001 sa 63003222
003 DLC
005 20260227111940.0
008 881102s1962 xx 000 0 hino
010 _asa 63003222
035 _a(OCoLC)23564572
040 _aDLC
_cMiU
_dDLC
042 _apremarc
050 0 0 _aPK2098.S532
_bU3
100 1 _aShrivastava, Krishna Kishore,
_d1925-
245 1 0 _aUdghāṭana mantrī.
260 _c[1962]
300 _a145 p.
_c19 cm.
500 _aRomanized.
999 _c54961
_d54961